| 000 | 00669nam a22002057a 4500 | ||
|---|---|---|---|
| 005 | 20150721145239.0 | ||
| 010 | _aENG-113100 | ||
| 020 |
_a9789380574073 _c900.00 |
||
| 035 | _aEN-96632 | ||
| 037 | _bDBAD/PUB | ||
| 082 | _a382.0954051 | ||
| 245 |
_aIndia-China : _btrade and strategy for frontier development / _cedited by Gurudas Das [and] C. Joshua Thomas |
||
| 260 |
_aNew Delhi _bBookwell _c2010 |
||
| 270 |
_a3/79, Nirankari Colony, _bNew Delhi _e110009 |
||
| 300 |
_axviii,431p. _c23cm(Hb) |
||
| 500 | _aIncludes bibliographical references | ||
| 700 | _aDas, Gurudas | ||
| 700 | _aJoshua Thomas, C. | ||
| 942 |
_2ddc _cEN _mIND _h382.0954051 |
||
| 999 |
_c93685 _d93685 |
||